[Event "Copenhagen Chess Challenge 2013"]
[Site "Ballerup"]
[Date "2013.??.??"]
[Round "6"]
[White "Mihajlov, Sebastian"]
[Black "Martins, David Pires Tavares"]
[Result "1-0"]
[WhiteElo "2063"]
[BlackElo "2183"]
[PlyCount "101"]
[EventDate "2013.??.??"]
[EventType "swiss"]
[EventRounds "9"]
[EventCountry "DEN"]

1. d4 e6 2. c4 Nf6 3. Nf3 b6 4. g3 Ba6 5. b3 d5 6. Bg2 c6 7. Qc2 Bb4+ 8. Bd2
Be7 9. O-O Nbd7 10. Bf4 O-O 11. Ne5 Rc8 12. Nd2 c5 13. dxc5 Bxc5 14. Qb2 dxc4
15. Nc6 c3 16. Qxc3 Qe8 17. b4 Nd5 18. Bxd5 exd5 19. bxc5 Rxc6 20. Bd6 bxc5 21.
Bxf8 Qxf8 22. Nb3 Qd6 23. Rac1 f6 24. Qe3 Kf7 25. Rfd1 Rc8 26. Qf3 Bb7 27. Na5
Ba8 28. e4 d4 29. Nc4 Qe6 30. Qf5 g6 31. Qf4 Kg7 32. f3 Ne5 33. Nxe5 fxe5 34.
Qg5 h6 35. Qd2 c4 36. Qa5 a6 37. f4 Bxe4 38. Re1 exf4 39. Qd2 d3 40. Qc3+ Kh7
41. Qd4 d2 42. Qxd2 fxg3 43. hxg3 Re8 44. Rcd1 Re7 45. Qd6 Qxd6 46. Rxd6 c3 47.
Rd4 c2 48. Rc4 Rd7 49. Kf2 Rd1 50. Rc7+ Kg8 51. Rxe4 1-0

[Event "Copenhagen Chess Challenge 2013"]
[Site "Ballerup"]
[Date "2013.??.??"]
[Round "6"]
[White "Andersen, Kim Nyvang"]
[Black "Frisk, Ellinor"]
[Result "1/2-1/2"]
[WhiteElo "2003"]
[BlackElo "2194"]
[PlyCount "129"]
[EventDate "2013.??.??"]
[EventType "swiss"]
[EventRounds "9"]
[EventCountry "DEN"]

1. d4 d5 2. c4 c6 3. Nf3 Nf6 4. Nc3 e6 5. Bg5 Nbd7 6. e3 Qa5 7. cxd5 Nxd5 8.
Qd2 N7b6 9. Bd3 Nxc3 10. bxc3 Na4 11. O-O Qxc3 12. Qe2 Qb2 13. Bc2 Qb5 14. Qd1
Nc3 15. Qd2 Ne2+ 16. Kh1 Bb4 17. a4 Bxd2 18. axb5 Bc3 19. Ra2 cxb5 20. Bd3 h6
21. Bh4 g5 22. Bxe2 gxh4 23. Bxb5+ Bd7 24. Bxd7+ Kxd7 25. Rb1 a5 26. Ne5+ Ke8
27. Rxb7 Rh7 28. Rb3 Rc8 29. Rc2 f6 30. Rbxc3 Rxc3 31. Rxc3 fxe5 32. Rc8+ Kd7
33. Ra8 Kc6 34. Rxa5 exd4 35. exd4 Rb7 36. Rc5+ Kd6 37. h3 Rb2 38. Kg1 Rb1+ 39.
Kh2 Rb2 40. f3 Rb4 41. Rh5 Rxd4 42. Rxh6 Ke5 43. Rg6 Rd8 44. Rg4 Rh8 45. Kg1
Kf5 46. Kf2 e5 47. Ke3 Rh7 48. Rg8 Ra7 49. Rg4 Rh7 50. f4 exf4+ 51. Rxf4+ Kg5
52. Rg4+ Kh5 53. Kf4 Rf7+ 54. Ke5 Rf2 55. Rg8 Re2+ 56. Kf4 Rf2+ 57. Ke3 Rf7 58.
Re8 Rf6 59. Re5+ Kg6 60. Re4 Kg5 61. Rg4+ Kh5 62. Rf4 Rg6 63. Rf8 Kg5 64. Kf3
Rg7 65. Rf4 1/2-1/2

[Event "Copenhagen Chess Challenge 2013"]
[Site "Ballerup"]
[Date "2013.??.??"]
[Round "6"]
[White "Aabling Thomsen, Jakob"]
[Black "Frank Nielsen, Marie"]
[Result "1-0"]
[WhiteElo "2320"]
[BlackElo "1984"]
[PlyCount "91"]
[EventDate "2013.??.??"]
[EventType "swiss"]
[EventRounds "9"]
[EventCountry "DEN"]

1. d4 Nf6 2. Nc3 d5 3. Bg5 Ne4 4. Nxe4 dxe4 5. Qd2 h6 6. Bf4 e6 7. e3 Bd6 8.
Ne2 Nd7 9. O-O-O O-O 10. h4 a5 11. g4 b5 12. g5 h5 13. Bxd6 cxd6 14. Ng3 g6 15.
Bxb5 Bb7 16. Rhg1 Bd5 17. Qe2 Rb8 18. a4 Qc7 19. Kb1 Rxb5 20. axb5 Bc4 21. Qe1
d5 22. Qc3 Rc8 23. b3 Bxb5 24. Qxc7 Rxc7 25. Kb2 Nb6 26. Ra1 a4 27. Rgc1 Rb7
28. Kc3 axb3 29. cxb3 Bd3 30. Kd2 Kg7 31. Rc3 f6 32. gxf6+ Kxf6 33. Rc6 Bb5 34.
Rc5 Bd3 35. Ra2 Bb1 36. Ra1 Bd3 37. Ne2 Nc4+ 38. bxc4 Rb2+ 39. Kc3 Rxe2 40.
cxd5 exd5 41. Rxd5 Rc2+ 42. Kb4 Rxf2 43. Rd6+ Kf5 44. Rg1 Rb2+ 45. Ka3 Rb1 46.
Rg5# 1-0

[Event "Copenhagen Chess Challenge 2013"]
[Site "Ballerup"]
[Date "2013.??.??"]
[Round "6"]
[White "Nielsen, Brian"]
[Black "Rhee, Alexander"]
[Result "0-1"]
[WhiteElo "2022"]
[BlackElo "2147"]
[PlyCount "90"]
[EventDate "2013.??.??"]
[EventType "swiss"]
[EventRounds "9"]
[EventCountry "DEN"]

1. d4 Nf6 2. c4 g6 3. g3 Bg7 4. Nf3 d5 5. Bg2 dxc4 6. O-O O-O 7. Nc3 Nfd7 8. a4
a5 9. e4 Nc6 10. Be3 Nb4 11. Qe2 c6 12. Rad1 b5 13. axb5 cxb5 14. Nxb5 Ba6 15.
Nc3 Nd3 16. Ra1 Qb6 17. Rfb1 Rfb8 18. e5 Ra7 19. e6 fxe6 20. d5 N7c5 21. Na4
Qb4 22. Nxc5 Nxc5 23. Bxc5 Qxc5 24. Qxe6+ Kh8 25. Ne5 Bf6 26. Nd7 Rxd7 27. Qxd7
Bxb2 28. Qe6 Rb6 29. Qf7 h6 30. Rxb2 Rxb2 31. d6 Qxd6 32. Bd5 Rb8 33. Re1 e5
34. Be6 Rf8 35. Qxg6 Qd2 36. Re2 Qc1+ 37. Kg2 Bb7+ 38. Kh3 Qg5 39. Qxg5 hxg5
40. Rxe5 Re8 41. f4 gxf4 42. gxf4 c3 43. Rh5+ Kg7 44. Rxa5 Rxe6 45. Ra7 Re7 0-1

[Event "Copenhagen Chess Challenge 2013"]
[Site "Ballerup"]
[Date "2013.??.??"]
[Round "6"]
[White "Ulrich, Thomas"]
[Black "Thybo, Jesper Sondergaard"]
[Result "0-1"]
[WhiteElo "2005"]
[BlackElo "2091"]
[PlyCount "90"]
[EventDate "2013.??.??"]
[EventType "swiss"]
[EventRounds "9"]
[EventCountry "DEN"]

1. e4 c6 2. d4 d5 3. e5 Bf5 4. h4 h5 5. c4 e6 6. Nc3 Ne7 7. Bg5 dxc4 8. Bxc4
Nd7 9. Nge2 Nb6 10. Bb3 Qd7 11. Ng3 Bg6 12. Nge4 Nf5 13. Nc5 Qxd4 14. Qxd4 Nxd4
15. Nxb7 Rb8 16. Rd1 Nxb3 17. axb3 f6 18. Nd6+ Bxd6 19. Rxd6 fxg5 20. Rxe6+ Kf7
21. Rxc6 Rhc8 22. Rd6 Rd8 23. Rxd8 Rxd8 24. hxg5 Nd5 25. Rh4 Nb6 26. Nb5 a5 27.
g4 hxg4 28. Rxg4 Rh8 29. Rd4 Rh1+ 30. Ke2 Rh3 31. Nc3 Bh5+ 32. Ke1 Ke8 33. Rd6
Nd7 34. Rd5 Rh1+ 35. Kd2 Ra1 36. Ke3 Nf8 37. Rd6 Re1+ 38. Kd4 Bf7 39. Rb6 Ne6+
40. Kd5 Kd7 41. Rd6+ Ke7 42. g6 Nf4+ 43. Kc6 Be8+ 44. Kc7 Rxe5 45. Rd4 Ne6+ 0-1

[Event "Copenhagen Chess Challenge 2013"]
[Site "Ballerup"]
[Date "2013.??.??"]
[Round "6"]
[White "Lepot, Simon"]
[Black "Vesterli, Michael E"]
[Result "1-0"]
[WhiteElo "2075"]
[BlackElo "2015"]
[PlyCount "89"]
[EventDate "2013.??.??"]
[EventType "swiss"]
[EventRounds "9"]
[EventCountry "DEN"]

1. e4 c5 2. Nf3 d6 3. d4 cxd4 4. Nxd4 Nf6 5. Nc3 Nc6 6. g3 g6 7. Bg2 Bg7 8.
Nxc6 bxc6 9. e5 Nd5 10. Nxd5 cxd5 11. Qxd5 Rb8 12. exd6 O-O 13. O-O Be6 14. Qc5
exd6 15. Qxa7 Bxb2 16. Bxb2 Rxb2 17. Be4 f5 18. Bd3 f4 19. Qd4 Qb8 20. Rfe1 Rb4
21. c4 Bf7 22. Qxf4 Qb6 23. Rab1 Rb2 24. Rxb2 Qxb2 25. Qxd6 Qxa2 26. Qd4 Qa5
27. Re7 Qb4 28. Qe5 Qd2 29. Be4 Qc1+ 30. Kg2 Qxc4 31. Rxf7 Rxf7 32. Bd5 Qc8 33.
Qf6 Qd7 34. Qxf7+ Qxf7 35. Bxf7+ Kxf7 36. f4 h5 37. Kf3 Kf6 38. Ke4 Ke6 39. h3
Kf6 40. g4 hxg4 41. hxg4 Ke6 42. g5 Kf7 43. Kd5 Ke7 44. Ke5 Kf7 45. Kd6 1-0

[Event "Copenhagen Chess Challenge 2013"]
[Site "Ballerup"]
[Date "2013.??.??"]
[Round "6"]
[White "Hansen, Rasmus Agertoft"]
[Black "Poulsen, Iver"]
[Result "1/2-1/2"]
[WhiteElo "1981"]
[BlackElo "2057"]
[PlyCount "67"]
[EventDate "2013.??.??"]
[EventType "swiss"]
[EventRounds "9"]
[EventCountry "DEN"]

1. d4 d5 2. c4 e6 3. Nc3 c6 4. Nf3 dxc4 5. e4 b5 6. e5 Bb7 7. Ng5 h6 8. Qh5 g6
9. Qh4 Be7 10. Nce4 c5 11. dxc5 Bxe4 12. Qxe4 Qd5 13. Qxd5 exd5 14. Nh3 Bxc5
15. Bd2 Nc6 16. Nf4 Nge7 17. e6 g5 18. exf7+ Kxf7 19. Nh5 Kg6 20. Ng3 Rhf8 21.
f3 Nf5 22. Nxf5 Rxf5 23. O-O-O Re8 24. h4 Rff8 25. hxg5 hxg5 26. g4 Re5 27. Bg2
Nb4 28. Rh5 Nd3+ 29. Kb1 Be3 30. Ba5 Bf2 31. Rdh1 Bh4 32. Bf1 Nf4 33. R1xh4
Nxh5 34. gxh5+ 1/2-1/2

[Event "Copenhagen Chess Challenge 2013"]
[Site "Ballerup"]
[Date "2013.??.??"]
[Round "6"]
[White "Karlsson, Robin"]
[Black "Skovgaard, Ib"]
[Result "1/2-1/2"]
[WhiteElo "1947"]
[BlackElo "2028"]
[PlyCount "38"]
[EventDate "2013.??.??"]
[EventType "swiss"]
[EventRounds "9"]
[EventCountry "DEN"]

1. d4 d5 2. c4 c6 3. Nc3 Nf6 4. Nf3 dxc4 5. a4 Bg4 6. Ne5 Bh5 7. f3 e6 8. e4
Bb4 9. Be2 O-O 10. Nxc4 c5 11. Be3 cxd4 12. Qxd4 Qxd4 13. Bxd4 Nc6 14. Be3 Nd5
15. Bd2 Nxc3 16. Bxc3 Bc5 17. O-O-O Rfd8 18. Rxd8+ Rxd8 19. Rd1 Rxd1+ 1/2-1/2

[Event "Copenhagen Chess Challenge 2013"]
[Site "Ballerup"]
[Date "2013.??.??"]
[Round "6"]
[White "Undheim, Bjarne"]
[Black "Nielsen, Thomas (1975)"]
[Result "1/2-1/2"]
[WhiteElo "1836"]
[BlackElo "1886"]
[PlyCount "143"]
[EventDate "2013.??.??"]
[EventType "swiss"]
[EventRounds "9"]
[EventCountry "DEN"]

1. e4 c6 2. d4 d5 3. Nc3 dxe4 4. Nxe4 Bf5 5. Ng3 Bg6 6. Nf3 Nd7 7. Bd3 Bxd3 8.
Qxd3 e6 9. O-O Ngf6 10. Be3 Qc7 11. Rad1 Be7 12. Ne2 Nd5 13. c4 Nxe3 14. fxe3
O-O-O 15. Qb1 g5 16. d5 c5 17. Nc3 Nb6 18. Nb5 Qb8 19. Qe4 a6 20. Nc3 Qd6 21.
dxe6 Qxe6 22. Qxe6+ fxe6 23. b3 Rhf8 24. Rxd8+ Kxd8 25. Ne4 h6 26. Ne5 Kc7 27.
Nf7 Nd7 28. Nxh6 Ne5 29. Rxf8 Bxf8 30. Ng8 Ng4 31. Nxg5 Kd6 32. e4 Ke5 33. h4
Ne3 34. Kf2 Nd1+ 35. Ke2 Nc3+ 36. Kd3 Nxa2 37. h5 Nc1+ 38. Kc2 Ne2 39. h6 Nd4+
40. Kb2 Kf4 41. Nf7 Kxe4 42. h7 Bg7 43. h8=Q Bxh8 44. Nxh8 Kf4 45. Ng6+ Kg3 46.
Nf6 b5 47. Ne4+ Kxg2 48. Nxc5 bxc4 49. bxc4 Nc6 50. Nxa6 e5 51. Kc3 e4 52. Nb4
Na5 53. c5 e3 54. Nc2 e2 55. Nf4+ Kf3 56. Nd3 Ke4 57. Ncb4 Nb7 58. c6 Nd6 59.
Kd2 Nb5 60. Ne1 Ke5 61. Nec2 Kd6 62. Kxe2 Kc5 63. Kd3 Kb6 64. Nd4 Na7 65. Nd5+
Kc5 66. c7 Kxd5 67. Nb5 Nc8 68. Kc3 Kc6 69. Kb4 Kb6 70. Kc4 Kc6 71. Kb4 Kb6 72.
Kc4 1/2-1/2

[Event "Copenhagen Chess Challenge 2013"]
[Site "Ballerup"]
[Date "2013.??.??"]
[Round "6"]
[White "Karlsson, Ulf"]
[Black "Orio, Lars"]
[Result "1/2-1/2"]
[WhiteElo "2004"]
[BlackElo "1936"]
[PlyCount "121"]
[EventDate "2013.??.??"]
[EventType "swiss"]
[EventRounds "9"]
[EventCountry "DEN"]

1. e4 c6 2. d4 d5 3. Nc3 dxe4 4. Nxe4 Nf6 5. Nxf6+ gxf6 6. Nf3 Bf5 7. Nh4 Bg6
8. Nxg6 hxg6 9. Be3 Bh6 10. Bxh6 Rxh6 11. Qd2 Rh8 12. O-O-O e6 13. Be2 Qd6 14.
h3 Nd7 15. Kb1 O-O-O 16. Qa5 Kb8 17. Rd3 Qd5 18. Qxd5 cxd5 19. h4 f5 20. Kc1
Nf6 21. Kd1 Ne4 22. Ke1 Rc8 23. c3 g5 24. Rdh3 g4 25. Re3 Rcg8 26. Bd3 Nd6 27.
g3 Rc8 28. Kd2 Ne8 29. b3 Nf6 30. c4 Rhd8 31. c5 Nh5 32. Re5 Rh8 33. b4 Kc7 34.
a4 f4 35. Rg1 Kd7 36. b5 f6 37. Ree1 f5 38. a5 Nf6 39. Ra1 Ne4+ 40. Bxe4 fxe4
41. a6 b6 42. cxb6 axb6 43. Rac1 Rb8 44. Rc6 fxg3 45. fxg3 Rhf8 46. Ke2 Rf3 47.
Rf1 Rbf8 48. Rcc1 e5 49. Rxf3 gxf3+ 50. Ke3 exd4+ 51. Kxd4 f2 52. Rf1 Rf3 53.
Kxd5 e3 54. a7 e2 55. a8=Q Rd3+ 56. Kc4 exf1=Q 57. Qb7+ Ke8 58. Qe4+ Kd8 59.
Qa8+ Ke7 60. Qe4+ Kd8 61. Qa8+ 1/2-1/2

[Event "Copenhagen Chess Challenge 2013"]
[Site "Ballerup"]
[Date "2013.??.??"]
[Round "6"]
[White "Henriksen, Christian Steen"]
[Black "Olsen, Michael Richard W"]
[Result "0-1"]
[WhiteElo "1814"]
[BlackElo "1977"]
[PlyCount "104"]
[EventDate "2013.??.??"]
[EventType "swiss"]
[EventRounds "9"]
[EventCountry "DEN"]

1. d4 d5 2. c4 c6 3. Nf3 dxc4 4. a4 Bf5 5. Nc3 Nf6 6. e3 Bd3 7. Bxd3 cxd3 8.
Qxd3 Na6 9. O-O Nb4 10. Qe2 a5 11. Rd1 e6 12. h3 Qc7 13. e4 Be7 14. Be3 Rc8 15.
Rac1 Qb8 16. d5 cxd5 17. Qb5+ Kf8 18. exd5 exd5 19. Qxa5 h6 20. Nb5 Nc6 21. Qd2
Kg8 22. Bf4 Qa8 23. b3 Rd8 24. Nfd4 Nh5 25. Bh2 Bg5 26. f4 Nxd4 27. Nxd4 Be7
28. Kh1 Nf6 29. Nb5 Ne4 30. Qe3 f5 31. Bg1 Kh7 32. Qb6 Qb8 33. Rc7 Rd6 34. Nxd6
Bxd6 35. Rxb7 Ng3+ 36. Kh2 Bxf4 37. Bd4 Nh5+ 38. Kh1 Qe8 39. Qa7 Rg8 40. Re7
Qg6 41. Bf2 Bb8 42. Qb7 Nf4 43. g3 Nxh3 44. Be1 Ng5 45. Rxd5 Qh5+ 46. Kg1 f4
47. Rxg5 Qxg5 48. Qe4+ Kh8 49. Re8 Ba7+ 50. Kg2 f3+ 51. Kxf3 Qh5+ 52. Kg2 Rxe8
0-1

[Event "Copenhagen Chess Challenge 2013"]
[Site "Ballerup"]
[Date "2013.??.??"]
[Round "6"]
[White "Tandrup, Michael"]
[Black "Petrovski, Petruli"]
[Result "1-0"]
[WhiteElo "1977"]
[BlackElo "1858"]
[PlyCount "69"]
[EventDate "2013.??.??"]
[EventType "swiss"]
[EventRounds "9"]
[EventCountry "DEN"]

1. e4 c5 2. d3 Nc6 3. g3 g6 4. Bg2 Bg7 5. c3 d6 6. a4 Nf6 7. Nf3 O-O 8. O-O a6
9. Nbd2 Rb8 10. Re1 Qc7 11. Nf1 b5 12. axb5 axb5 13. Ne3 e6 14. Nc2 Bd7 15. d4
b4 16. e5 dxe5 17. Nxe5 bxc3 18. bxc3 cxd4 19. Nxc6 Bxc6 20. Bf4 Qb7 21. Bxc6
Qxc6 22. Bxb8 Rxb8 23. Nxd4 Qxc3 24. Rc1 Qa3 25. Re3 Qa2 26. Rec3 h5 27. Rc8+
Rxc8 28. Rxc8+ Kh7 29. Nf3 Ne4 30. Qc2 Qa1+ 31. Kg2 f5 32. h4 e5 33. Ng5+ Nxg5
34. hxg5 Qd4 35. Qa2 1-0

[Event "Copenhagen Chess Challenge 2013"]
[Site "Ballerup"]
[Date "2013.??.??"]
[Round "6"]
[White "Hagen, Anders Gjerdrum"]
[Black "Nilsen, Joachim Birger"]
[Result "1/2-1/2"]
[WhiteElo "2134"]
[BlackElo "2229"]
[PlyCount "63"]
[EventDate "2013.??.??"]
[EventType "swiss"]
[EventRounds "9"]
[EventCountry "DEN"]

1. d4 Nf6 2. c4 Nc6 3. Nf3 e6 4. Nc3 Bb4 5. Qc2 O-O 6. Bg5 d6 7. a3 Bxc3+ 8.
Qxc3 a5 9. e3 Re8 10. b3 Qe7 11. Qb2 e5 12. Be2 Bg4 13. O-O h6 14. Nxe5 dxe5
15. Bxf6 Qxf6 16. Bxg4 exd4 17. Bd7 Red8 18. Bxc6 bxc6 19. exd4 Rxd4 20. Rae1
Qd6 21. Re3 Rd8 22. Rfe1 Rd1 23. g3 Rxe1+ 24. Rxe1 Rb8 25. Re3 f6 26. Qe2 Qxa3
27. Re8+ Rxe8 28. Qxe8+ Kh7 29. Qe4+ Kg8 30. Qe8+ Kh7 31. Qe4+ Kg8 32. Qe8+
1/2-1/2

[Event "Copenhagen Chess Challenge 2013"]
[Site "Ballerup"]
[Date "2013.??.??"]
[Round "6"]
[White "Arvola, Benjamin"]
[Black "Kenneskog, Theodor"]
[Result "1-0"]
[WhiteElo "2358"]
[BlackElo "2234"]
[PlyCount "69"]
[EventDate "2013.??.??"]
[EventType "swiss"]
[EventRounds "9"]
[EventCountry "DEN"]

1. e4 c5 2. Nf3 d6 3. d4 cxd4 4. Nxd4 Nf6 5. Nc3 a6 6. Be3 e5 7. Nb3 Be6 8. h3
Be7 9. g4 h6 10. Qf3 Nbd7 11. Nd5 Bxd5 12. exd5 Rc8 13. Bd3 Nb6 14. Bxb6 Qxb6
15. O-O-O a5 16. a4 e4 17. Qf5 O-O 18. Bb5 Rc7 19. h4 Rfc8 20. Rd2 e3 21. Re2
g6 22. Qf3 exf2 23. Kb1 h5 24. gxh5 Nxh5 25. Rxf2 Bf6 26. Rg2 Bg7 27. Re1 Nf6
28. Qd3 Kf8 29. Rge2 Nd7 30. Bxd7 Rxd7 31. h5 gxh5 32. Qf5 Qc7 33. Rg1 Qd8 34.
Reg2 Qf6 35. Qxf6 1-0

[Event "Copenhagen Chess Challenge 2013"]
[Site "Ballerup"]
[Date "2013.??.??"]
[Round "6"]
[White "Tari, Aryan"]
[Black "Pedersen, Sven"]
[Result "1-0"]
[WhiteElo "2293"]
[BlackElo "2083"]
[PlyCount "91"]
[EventDate "2013.??.??"]
[EventType "swiss"]
[EventRounds "9"]
[EventCountry "DEN"]

1. e4 c5 2. Nf3 e6 3. d4 cxd4 4. Nxd4 a6 5. Bd3 Qc7 6. O-O Bd6 7. Kh1 Bf4 8.
Qg4 Be5 9. c3 h5 10. Qe2 Bxh2 11. g3 h4 12. Qg4 hxg3 13. Qxg7 g2+ 14. Kxg2 Be5
15. Bf4 Bxg7 16. Bxc7 Nc6 17. Nxc6 dxc6 18. e5 Ne7 19. c4 b5 20. Nd2 bxc4 21.
Be4 Nd5 22. Bd6 Bb7 23. Rh1 Kd7 24. Nxc4 Rxh1 25. Rxh1 Rh8 26. Rxh8 Bxh8 27.
Kg3 f5 28. Bf3 Bg7 29. Na5 Bc8 30. Nb3 c5 31. Nxc5+ Kc6 32. Nb3 Kb6 33. Bxd5
exd5 34. Kh4 Bh6 35. Kh5 Bf4 36. Nd4 Bc1 37. Ba3 Bd7 38. Kg6 f4 39. Kf7 Bg4 40.
Nb3 Kb5 41. Nxc1 Kc4 42. e6 d4 43. e7 d3 44. Nxd3 Kxd3 45. e8=Q Bh5+ 46. Ke7
1-0

[Event "Copenhagen Chess Challenge 2013"]
[Site "Ballerup"]
[Date "2013.??.??"]
[Round "6"]
[White "Skousen, Nikolai"]
[Black "Jacobsen, Mads Holger Bang"]
[Result "1-0"]
[WhiteElo "2192"]
[BlackElo "2050"]
[PlyCount "53"]
[EventDate "2013.??.??"]
[EventType "swiss"]
[EventRounds "9"]
[EventCountry "DEN"]

1. e4 c5 2. Nf3 e6 3. d4 cxd4 4. Nxd4 Nc6 5. Nc3 Qc7 6. Be3 a6 7. Qd2 Nf6 8.
O-O-O Be7 9. f3 h5 10. Kb1 b5 11. Nb3 Ne5 12. Qf2 Rb8 13. Ba7 Rb7 14. Bd4 d6
15. Bd3 Nfd7 16. f4 Nxd3 17. cxd3 b4 18. Ne2 Bf6 19. Rc1 Qb8 20. Na5 Rb5 21.
Nc6 Qa8 22. Na7 Rb8 23. Nc6 Rb5 24. Bxf6 gxf6 25. Qd4 d5 26. Na7 e5 27. Nxb5
1-0

[Event "Copenhagen Chess Challenge 2013"]
[Site "Ballerup"]
[Date "2013.??.??"]
[Round "6"]
[White "Slettebo, Jan"]
[Black "Petersen, Peter Birk"]
[Result "1-0"]
[WhiteElo "2054"]
[BlackElo "2167"]
[PlyCount "79"]
[EventDate "2013.??.??"]
[EventType "swiss"]
[EventRounds "9"]
[EventCountry "DEN"]

1. e4 c5 2. Nf3 e6 3. d4 cxd4 4. Nxd4 Nc6 5. Nc3 a6 6. Nxc6 bxc6 7. Bd3 d5 8.
O-O Nf6 9. Qf3 Be7 10. Re1 O-O 11. e5 Nd7 12. Qh3 f5 13. Bd2 Rb8 14. Na4 Nc5
15. Nxc5 Bxc5 16. b3 Bb4 17. c3 Be7 18. Rad1 c5 19. g4 Bg5 20. f4 Bh4 21. Re2
Be7 22. gxf5 exf5 23. Rg2 Rb6 24. Be1 Kh8 25. Be2 Rh6 26. Qd3 Bb7 27. Bf3 Qb6
28. Bf2 Rh3 29. Rg3 Rxg3+ 30. hxg3 d4 31. cxd4 Bxf3 32. Qxf3 cxd4 33. Bxd4 Qa5
34. Qf2 Rd8 35. Rc1 Qd5 36. Bb6 Ba3 37. Bxd8 Bxc1 38. Bb6 Kg8 39. Qc2 Qb7 40.
Qc4+ 1-0

[Event "Copenhagen Chess Challenge 2013"]
[Site "Ballerup"]
[Date "2013.??.??"]
[Round "6"]
[White "Brekka, Hanus"]
[Black "Andersen, Daniel"]
[Result "1-0"]
[WhiteElo "2092"]
[BlackElo "1935"]
[PlyCount "73"]
[EventDate "2013.??.??"]
[EventType "swiss"]
[EventRounds "9"]
[EventCountry "DEN"]

1. Nc3 g6 2. e4 Bg7 3. d4 d6 4. Nf3 Nf6 5. Be2 c5 6. dxc5 Qa5 7. O-O Qxc5 8.
Be3 Qb4 9. a3 Qa5 10. Qd2 Nc6 11. Rad1 O-O 12. Nd4 Bd7 13. Nxc6 Bxc6 14. f3 Nd7
15. Nd5 Qd8 16. c4 a6 17. b4 Rc8 18. Kh1 b5 19. Rc1 Re8 20. Rfd1 Ne5 21. c5
dxc5 22. Bxc5 e6 23. Ne7+ Rxe7 24. Qxd8+ Rxd8 25. Rxd8+ Re8 26. Rcd1 f5 27.
Rxe8+ Bxe8 28. exf5 exf5 29. f4 Nc4 30. Bf3 Bf6 31. Bb7 Nxa3 32. Rd6 Kg7 33.
Rxa6 Nc2 34. Bd5 Bc3 35. Ra8 Bxb4 36. Rxe8 Bxc5 37. Rc8 1-0

[Event "Copenhagen Chess Challenge 2013"]
[Site "Ballerup"]
[Date "2013.??.??"]
[Round "6"]
[White "Andreassen, Mikkel"]
[Black "Andersen, Troels Baekgaard"]
[Result "1/2-1/2"]
[WhiteElo "1928"]
[BlackElo "1837"]
[PlyCount "101"]
[EventDate "2013.??.??"]
[EventType "swiss"]
[EventRounds "9"]
[EventCountry "DEN"]

1. d4 Nf6 2. c4 c5 3. d5 b5 4. cxb5 a6 5. bxa6 g6 6. Nc3 Bg7 7. g3 d6 8. Bg2
O-O 9. Nf3 Bxa6 10. O-O Nbd7 11. Rb1 Ng4 12. Qc2 Nge5 13. Nxe5 Nxe5 14. b3 Rb8
15. h3 Qa5 16. Bd2 Qc7 17. f4 Nd7 18. Na4 Nb6 19. Nxb6 Qxb6 20. Rfe1 Rfc8 21.
e4 c4+ 22. Be3 Bd4 23. Qd2 Bxe3+ 24. Qxe3 c3 25. Qxb6 Rxb6 26. Re3 c2 27. Rc1
Rb4 28. Bf3 Rd4 29. Kf2 Bd3 30. Ree1 Ba6 31. Be2 Rd2 32. Ke3 Rxe2+ 33. Rxe2
Bxe2 34. Kxe2 Rc3 35. Kd2 Rxg3 36. Rxc2 Rxh3 37. b4 Rh2+ 38. Kd3 Rxc2 39. Kxc2
Kf8 40. b5 Ke8 41. b6 Kd7 42. Kd3 f6 43. a4 Kc8 44. a5 Kb7 45. Kc4 Ka6 46. Kd4
h5 47. Ke3 g5 48. fxg5 fxg5 49. Kf3 Kb7 50. Kg3 Ka6 51. Kh3 1/2-1/2

[Event "Copenhagen Chess Challenge 2013"]
[Site "Ballerup"]
[Date "2013.??.??"]
[Round "6"]
[White "Haagen Larsen, Hans"]
[Black "Vyvyan, Philippe"]
[Result "0-1"]
[WhiteElo "1745"]
[BlackElo "1709"]
[PlyCount "60"]
[EventDate "2013.??.??"]
[EventType "swiss"]
[EventRounds "9"]
[EventCountry "DEN"]

1. e4 c5 2. d4 cxd4 3. c3 d5 4. e5 dxc3 5. Nxc3 d4 6. Ne4 Nc6 7. Nf3 g6 8. Bf4
Qa5+ 9. Qd2 Qxd2+ 10. Kxd2 Bh6 11. g3 Bf5 12. Nc5 b6 13. Nd3 Be4 14. Be2 Bg7
15. Rhc1 e6 16. b4 Rd8 17. b5 Na5 18. Rc7 h6 19. h4 Ne7 20. Rac1 Nd5 21. Rxa7
O-O 22. Nxd4 Nxf4 23. gxf4 Rxd4 24. Ke3 Ra4 25. Nb2 Rxa2 26. Kxe4 Rxb2 27. Kf3
Nb3 28. Rd1 Nd2+ 29. Ke3 Rd8 30. Rc1 Rb3+ 0-1

[Event "Copenhagen Chess Challenge 2013"]
[Site "Ballerup"]
[Date "2013.??.??"]
[Round "6"]
[White "Jensen, Jonbert"]
[Black "Marthedal, Anton Mehmet Yildiz"]
[Result "1/2-1/2"]
[WhiteElo "1576"]
[BlackElo "1574"]
[PlyCount "78"]
[EventDate "2013.??.??"]
[EventType "swiss"]
[EventRounds "9"]
[EventCountry "DEN"]

1. e4 d6 2. d4 Nf6 3. Nc3 g6 4. f3 Bg7 5. Be3 O-O 6. Qd2 Re8 7. O-O-O Nbd7 8.
Nge2 e5 9. d5 a6 10. g4 Kh8 11. h4 Nb6 12. Ng3 Ng8 13. h5 Nd7 14. g5 b5 15. Bh3
Nc5 16. Bxc8 Rxc8 17. Rh3 b4 18. Nce2 a5 19. Rdh1 h6 20. hxg6 fxg6 21. gxh6 Bf6
22. h7 Ne7 23. f4 c6 24. f5 cxd5 25. Bg5 Rf8 26. Bxf6+ Rxf6 27. fxg6 Rxg6 28.
Kb1 Nxe4 29. Nxe4 dxe4 30. Rh6 d5 31. Rxg6 Nxg6 32. Qh6 Nf4 33. Nxf4 exf4 34.
Qxf4 Qc7 35. Qf6+ Qg7 36. Qa6 Qc7 37. Qf6+ Qg7 38. Qe6 Qc7 39. Qf6+ Qg7 1/2-1/2

[Event "Copenhagen Chess Challenge 2013"]
[Site "Ballerup"]
[Date "2013.??.??"]
[Round "7"]
[White "Andersen, Mads"]
[Black "Hector, Jonny"]
[Result "1/2-1/2"]
[WhiteElo "2484"]
[BlackElo "2510"]
[PlyCount "73"]
[EventDate "2013.??.??"]
[EventType "swiss"]
[EventRounds "9"]
[EventCountry "DEN"]

1. Nf3 d5 2. c4 d4 3. e3 Nc6 4. exd4 Nxd4 5. Nxd4 Qxd4 6. Nc3 c6 7. d3 Nh6 8.
Be2 Nf5 9. Bd2 e5 10. O-O Be7 11. Ne4 Qd8 12. f4 exf4 13. Rxf4 Be6 14. Kh1 Qd7
15. Bc3 O-O-O 16. b4 Nd4 17. Bf1 Qc7 18. Rf2 f5 19. Nc5 Bxc5 20. bxc5 Rhe8 21.
Qa4 Kb8 22. Ba5 Qe5 23. Re1 Qxc5 24. Bxd8 Rxd8 25. Rb2 Bc8 26. Qd1 Qd6 27. Qh5
Qf6 28. Rf2 Rh8 29. g3 Bd7 30. Bg2 h6 31. Qd1 g5 32. Qd2 Qd6 33. Qe3 Re8 34.
Qd2 Rf8 35. Qe3 Re8 36. Qd2 Rf8 37. Qe3 1/2-1/2

[Event "Copenhagen Chess Challenge 2013"]
[Site "Ballerup"]
[Date "2013.??.??"]
[Round "7"]
[White "Brynell, Stellan"]
[Black "Mikkelsen, Nikolaj"]
[Result "1/2-1/2"]
[WhiteElo "2478"]
[BlackElo "2417"]
[PlyCount "97"]
[EventDate "2013.??.??"]
[EventType "swiss"]
[EventRounds "9"]
[EventCountry "DEN"]

1. d4 Nf6 2. c4 c5 3. d5 e6 4. Nc3 exd5 5. cxd5 d6 6. Nf3 g6 7. e4 Bg7 8. Be2
O-O 9. O-O Bg4 10. Nd2 Bxe2 11. Qxe2 a6 12. a4 Nbd7 13. Nc4 Nb6 14. Ne3 Qe7 15.
a5 Nbd7 16. Nc4 Ne5 17. Nxe5 Qxe5 18. Bd2 Rae8 19. Rae1 Qd4 20. Bf4 Nxe4 21.
Nxe4 f5 22. Bxd6 Rxe4 23. Qc2 Rfe8 24. Rxe4 Qxe4 25. Qxe4 Rxe4 26. Bxc5 Kf7 27.
b4 Bc3 28. f3 Rc4 29. Rb1 Ke8 30. Kf1 Bd4 31. Re1+ Kd8 32. Be7+ Kd7 33. Bf8 Bf6
34. Bc5 Rc2 35. Re2 Rc1+ 36. Re1 Rc2 37. Re2 Rc1+ 38. Kf2 Rd1 39. Re6 Bd8 40.
Rd6+ Kc7 41. Ke2 Rb1 42. Re6 Kd7 43. Rd6+ Kc7 44. Re6 Kd7 45. Kd3 Rd1+ 46. Kc4
Rc1+ 47. Kd4 Rd1+ 48. Kc4 Rc1+ 49. Kd4 1/2-1/2